Сообщество профессиональной поддержки молодых преподавателей "Бастау" (Запись № 10874844)
[ простой вид ]
| 000 -МАРКЕР | |
|---|---|
| контрольное поле | 02486nam0a2200409 4500 |
| 001 - ИДЕНТИФИКАТОР ЗАПИСИ | |
| контрольное поле | RU\NLR\BIBL_A\011899434 |
| 005 - ИДЕНТИФИКАТОР ВЕРСИИ | |
| контрольное поле | 20190327144120.0 |
| 010 ## - МЕЖДУНАРОДНЫЙ СТАНДАРТНЫЙ НОМЕР КНИГИ (ISBN) | |
| Номер (ISBN) | 978-5-00118-094-4 |
| Тираж | 20 |
| 021 ## - НОМЕР ГОСУДАРСТВЕННОЙ РЕГИСТРАЦИИ | |
| Код страны | Российская Федерация |
| Номер | КН-П-18-090342 |
| Номер Листа государственной регистраци | КН-П-18-6568 |
| 035 ## - ДРУГИЕ СИСТЕМНЫЕ НОМЕРА | |
| Идентификатор записи | (NLR Aleph) 011899434 |
| 035 ## - ДРУГИЕ СИСТЕМНЫЕ НОМЕРА | |
| Идентификатор записи | (RuMoRGB)009820102 |
| 100 ## - ДАННЫЕ ОБЩЕЙ ОБРАБОТКИ | |
| Данные общей обработки | 20181224d2018 k y0rusy50 ca |
| 101 0# - ЯЗЫК РЕСУРСА | |
| Язык текста, звукозаписи и т.д. | русский |
| 102 ## - СТРАНА ПУБЛИКАЦИИ ИЛИ ПРОИЗВОДСТВА | |
| Страна публикации | Российская Федерация |
| 105 ## - ПОЛЕ КОДИРОВАННЫХ ДАННЫХ: ТЕКСТОВЫЕ МАТЕРИАЛЫ, МОНОГРАФИЧЕСКИЕ | |
| Кодированные данные о монографическом текстовом документе | a|||z|||100z0 |
| 200 1# - ЗАГЛАВИЕ И СВЕДЕНИЯ ОБ ОТВЕТСТВЕННОСТИ | |
| Основное заглавие | Сообщество профессиональной поддержки молодых преподавателей "Бастау" |
| Сведения, относящиеся к заглавию | сборник семинаров системы повышения квалификации для педагогических работников с высшим образованием |
| Первые сведения об ответственности | Назарбаев интеллектуальная школа |
| Последующие сведения об ответственности | [редактор: Амирова Б.М.] |
| 210 ## - ПУБЛИКАЦИЯ, РАСПРОСТРАНЕНИЕ И ДР. | |
| Место издания, распространения и т.д. | Казань |
| Имя издателя, распространителя и т. д. | Бук |
| Дата издания, распространения и т.д. | 2018 |
| 215 ## - ФИЗИЧЕСКАЯ ХАРАКТЕРИСТИКА | |
| Специфическое обозначение материала и объем | 71, [2] с. |
| Другие сведения о физической характеристике | ил., табл. |
| Размеры | 21 |
| 320 ## - ПРИМЕЧАНИЯ О НАЛИЧИИ В ДОКУМЕНТЕ БИБЛИОГРАФИИ / УКАЗАТЕЛЯ | |
| Текст примечания | Библиогр. в тексте |
| 601 02 - НАИМЕНОВАНИЕ ОРГАНИЗАЦИИ КАК ПРЕДМЕТ | |
| Начальный элемент ввода | "Бастау", сообщество профессиональной поддержки молодых преподавателей |
| Идентифицирующий признак | Казахстан |
| Системный номер авторитетной/нормативной записи | 2402569 |
| Идентификатор авторитетной/нормативной записи | RU\NLR\AUTH\6601651687 |
| 606 1# - НАИМЕНОВАНИЕ ТЕМЫ КАК ПРЕДМЕТ | |
| Наименование темы | Учителя |
| Формальный подзаголовок | Сборники |
| Тематический подзаголовок | Повышение квалификации |
| Географический подзаголовок | Казахстан, Республика |
| Системный номер авторитетной/нормативной записи | 2402573 |
| Идентификатор авторитетной/нормативной записи | RU\NLR\AUTH\6601651689 |
| 610 0# - НЕКОНТРОЛИРУЕМЫЕ ПРЕДМЕТНЫЕ ТЕРМИНЫ | |
| Предметный термин | методическая поддержка |
| 610 0# - НЕКОНТРОЛИРУЕМЫЕ ПРЕДМЕТНЫЕ ТЕРМИНЫ | |
| Предметный термин | молодые учителя |
| 686 1# - ИНДЕКСЫ ДРУГИХ КЛАССИФИКАЦИЙ | |
| Индекс | Ч30е(5Каз)л5 |
| 686 1# - ИНДЕКСЫ ДРУГИХ КЛАССИФИКАЦИЙ | |
| Индекс | Ч421.467 |
| 686 1# - ИНДЕКСЫ ДРУГИХ КЛАССИФИКАЦИЙ | |
| Индекс | Ч489.514(5Каз)78я43 |
| 702 #1 - ИМЯ ЛИЦА - ВТОРИЧНАЯ ОТВЕТСТВЕННОСТЬ | |
| Начальный элемент ввода | Амирова |
| Часть имени, кроме начального элемента ввода | Б. М. |
| Расширение инициалов личного имени | Бахыт Мырзатаевна |
| Код отношения | Редактор |
| 711 02 - НАИМЕНОВАНИЕ ОРГАНИЗАЦИИ - АЛЬТЕРНАТИВНАЯ ОТВЕТСТВЕННОСТЬ | |
| Начальный элемент ввода | "Бастау", сообщество профессиональной поддержки молодых преподавателей |
| Идентифицирующий признак | Казахстан |
| Системный номер авторитетной/нормативной записи | 643960 |
| Идентификатор авторитетной/нормативной записи | RU\NLR\AUTH\880491935 |
| 711 02 - НАИМЕНОВАНИЕ ОРГАНИЗАЦИИ - АЛЬТЕРНАТИВНАЯ ОТВЕТСТВЕННОСТЬ | |
| Начальный элемент ввода | Семинар системы повышения квалификации для педагогических работников с высшим образованием |
| Идентифицирующий признак | Казахстан |
| Системный номер авторитетной/нормативной записи | 643958 |
| Идентификатор авторитетной/нормативной записи | RU\NLR\AUTH\880491934 |
| 712 02 - НАИМЕНОВАНИЕ ОРГАНИЗАЦИИ - ВТОРИЧНАЯ ОТВЕТСТВЕННОСТЬ | |
| Код отношения | Прочие |
| Начальный элемент ввода | Назарбаев Интеллектуальная школа химико-биологического направления |
| Идентифицирующий признак | Павлодар |
| Системный номер авторитетной/нормативной записи | 643964 |
| Идентификатор авторитетной/нормативной записи | RU\NLR\AUTH\880491937 |
| 942 ## - ДОПОЛНИТЕЛЬНЫЕ ЭЛЕМЕНТЫ ЗАПИСИ (АБИС) | |
| Тип экземпляра АБИС | Книга |
| 980 ## - КОЛЛЕКЦИЯ | |
| Название коллекции | НБР |
| 980 ## - КОЛЛЕКЦИЯ | |
| Название коллекции | Национальная библиография |
Нет доступных экземпляров.